000 00766nam a2200217 i 4500
001 bg
245 3 _aI [Pierwsza] Konferencja Naukowo-Techniczna Rzeczoznawstwo Budowlane :
_bKielce-Cedzyna 27-28 kwietnia 1995 /
_c[org. konf. Politechnika Świętokrzyska i in.].
260 _aKielce :
_bPŚ. Dział Wydawnictw,
_c1995.
300 _a430 s. :
_bfot., rys., wykr. ;
_c24 cm.
504 _aBibliogr. przy ref.
650 9 _aBudownictwo
_xprawo
650 9 _aKonstrukcje budowlane
_xzagadnienia
650 9 _aMateriały budowlane
_xzagadnienia
650 9 _aGeologia inżynierska
_xzagadnienia
655 _aMateriały konferencyjne
040 _cBPK
041 0 _aplencz
080 _a624:69](061.3)
942 _cKS
008 s pl f |000 0 pol
999 _c30555
_d30555
856 _uhttp://koha.tu.koszalin.pl/cgi-bin/koha/opac-detail.pl?biblionumber=30555
_yKatalog online BPK